000 00545nam a2200181Ia 4500
008 100917s9999 xx 000 0 und d
082 _b40141
100 _aफडके वि. के.
245 _aनिवडक हितोपदेश
260 _bजोशी ब्रदर्स
_c1972
300 _a88
365 _b3
520 _aबालविभाग
630 _aनिवडक हितोपदेश
650 _aबालविभाग
730 _aनिवडक हितोपदेश
942 _cBOOK
999 _c645535
_d645532